LEADER 00994nam a2200229 u 4500 001 000000005566 003 CaOOAMICUS 005 20070226104757.0 008 941013s1953 it ac u000 u ita u 035 $a10142944 040 $aPUL(R)$bita 100 1 $aRossi, Giuseppe Carlo,$d1908-$0(OLS)http://pul/name/5745 245 10$aStoria della letteratura portoghese /$cdi Giuseppe Carlo Rossi. 260 $aFirenze :$bG. C. Sansoni,$c1953. 300 $axi, 353 p. :$billus., ports. ;$c22 cm 650 4$aLetteratura portoghese$xStoria.$0(OLS)http://pul/subject/5033 650 0$aPortuguese literature$xHistory and criticism.$2//eng$0(OLS)http://pul/subject/5034 850 $aPUL 852 $aPUL$W1$xDP1 Fondo Cecchetti$y53$m293 A 30$j7801$nBK-PRI$b $qFondi$B7801$CPULBib$Z2$F7801 $HPUL3201 $81 941 1 $a1 996 $6245$aStoria della letteratura portoghese$9(OLS)http://pul/title/8159 996 $6260$aFirenze :$bG. C. Sansoni$9(OLS)http://pul/publisher/48488 LEADER 02041nam a2200385 u 4500 001 000000005632 003 CaOOAMICUS 005 20070226104801.0 008 940514s1953 it u000 u ita u 035 $a10143744 040 $aOCU$bita$dm.c.$d*BOL*$dCStRLIN$dCU-SB 100 1 $aTabacco, Giovanni,$d1914-2002.$0(OLS)http://pul/name/5799 245 13$aLa casa di Francia nell'azione politica di Papa Giovanni XXII. 260 $aRoma :$bIstituto storico italiano per il Medio Evo,$c1953. 300 $a3 f. p., [ix]-xv, 372 p., 1 f. ;$c26 cm 490 1 $aIstituto storico italiano per il medio evo. Studi storici, ;$vfasc. 1-4 504 $aBibliography: p. [ix]-xv. 600 04$aIohannes PP.$bXXII,$d1249-1334.$0(OLS)http://pul/subject/2260 610 20$aCatholic Church$xRelations (diplomatic).$2//eng$0(OLS)http://pul/subject/5107 650 4$aPapato.$0(OLS)http://pul/subject/4195 651 4$aFrancia$xStoria$yPeriodo medievale, 987-1515.$0(OLS)http://pul/subject/5108 651 0$aFrance$xForeign relations$xCatholic Church.$2//eng$0(OLS)http://pul/subject/5109 651 0$aItaly$xHistory$y1268-1492.$2//eng$0(OLS)http://pul/subject/2651 710 2 $aIstituto storico italiano per il Medio Evo (Roma).$0(OLS)http://pul/name/3115 830 0$aStudi storici (Istituto storico italiano per il Medio Evo) ;$vfasc. 1-4.$0(OLS)http://pul/title/6355 850 $aPUL 852 $aPUL$W1$xDP1 Fondo Maccarrone$y58$m1504 F 34$j7885$nBK-PRI$b $qFondi$B7885$CPULBib$Z2$F7885 $H $81 941 1 $a1 960 $aPapi (1316-1334 : Iohannes PP. XXII)$92260 960 $aPapi (1316-1334 : Iohannes PP. XXII)$92260 960 $aDučze, Jacques,$d1249-1334$92260 960 $aGiovanni$bXXII,$cpapa,$d1249-1334$92260 961 $aINV: 01335 -- Fondo Mons. M. Maccarrone 996 $6245$aLa casa di Francia nell'azione politica di Papa Giovanni XXII$9(OLS)http://pul/title/8252 996 $6260$aRoma :$bIstituto storico italiano per il Medio Evo$9(OLS)http://pul/publisher/49609